[Event "July TNT"]
[Site "Winnipeg CAN"]
[Date "2010.07.06"]
[Round "1"]
[White "Raihman, Igal"]
[Black "Milward, David"]
[Result "1-0"]
[WhiteElo "1997"]
[BlackElo "1663"]
[PlyCount "99"]
[EventDate "2010.07.06"]
[EventType "swiss"]
[EventRounds "4"]
[EventCountry "CAN"]

1. e4 c5 2. Nf3 d6 3. d4 cxd4 4. Nxd4 Nf6 5. Nc3 g6 6. f3 Bg7 7. Be3 Nc6 8. Qd2
Bd7 9. Bc4 O-O 10. O-O-O Rc8 11. Bb3 Ne5 12. g4 Qa5 13. h4 Rxc3 14. Qxc3 Qxc3
15. bxc3 Rc8 16. h5 a5 17. hxg6 hxg6 18. a4 Rxc3 19. Bd2 Rc5 20. Bh6 Nc4 21.
Bxg7 Kxg7 22. Ne2 Nb6 23. Rd4 Re5 24. Ng3 d5 25. f4 Re6 26. g5 Nxe4 27. Bxd5
Nxd5 28. Nxe4 Bc6 29. Nc5 Re3 30. Rh2 e5 31. fxe5 Rxe5 32. Rdh4 Rxg5 33. Rh7+
Kf8 34. Rh8+ Ke7 35. Re2+ Kf6 36. Ne4+ Kg7 37. Nxg5 Kxh8 38. Nxf7+ Kg7 39. Nd6
Nc3 40. Re5 Nxa4 41. Rxa5 Kf6 42. Nxb7 Bxb7 43. Rxa4 g5 44. Kd2 Kf5 45. Ke3 g4
46. Rf4+ Kg5 47. Rf7 Bf3 48. c4 Ba8 49. c5 g3 50. Rg7+ 1-0

[Event "July TNT"]
[Site "Winnipeg CAN"]
[Date "2010.07.06"]
[Round "1"]
[White "Reimer, Bruce"]
[Black "Melamedoff, Gustavo"]
[Result "0-1"]
[WhiteElo "1566"]
[BlackElo "1995"]
[PlyCount "74"]
[EventDate "2010.07.06"]
[EventType "swiss"]
[EventRounds "4"]
[EventCountry "CAN"]

1. c4 e6 2. g3 f5 3. Bg2 Nf6 4. Nc3 Be7 5. d4 d5 6. cxd5 exd5 7. Nf3 c6 8. O-O
O-O 9. Bf4 Ne4 10. Ne5 Nd7 11. f3 Nd6 12. b3 g5 13. Nxd7 Bxd7 14. Be5 Nf7 15.
f4 Nxe5 16. fxe5 f4 17. gxf4 gxf4 18. Kh1 Ba3 19. Qd2 Qh4 20. Rg1 Kh8 21. Bf3
Rg8 22. Rxg8+ Rxg8 23. Rg1 Rg3 24. Rxg3 fxg3 25. e4 Bb4 26. exd5 Bxc3 27. Qg2
cxd5 28. Qxg3 Qxg3 29. hxg3 Be6 30. g4 Bxd4 31. Kg2 Kg7 32. Kg3 Kg6 33. Kf4 Bb2
34. Be2 Bc1+ 35. Kf3 Kg5 36. Kf2 Bf4 37. Bd3 h6 0-1

[Event "July TNT"]
[Site "Winnipeg CAN"]
[Date "2010.07.06"]
[Round "1"]
[White "Rutter, Blair"]
[Black "Lin, Justin"]
[Result "1-0"]
[WhiteElo "1912"]
[BlackElo "1666"]
[PlyCount "79"]
[EventDate "2010.07.06"]
[EventType "swiss"]
[EventRounds "4"]
[EventCountry "CAN"]

1. c4 e5 2. g3 Nf6 3. Bg2 c6 4. Nc3 d5 5. cxd5 cxd5 6. d3 Nc6 7. Bg5 d4 8. Ne4
Be7 9. Bxf6 Bxf6 10. Nf3 O-O 11. O-O Rb8 12. Rc1 Bd7 13. a3 h6 14. Nfd2 Re8 15.
Nxf6+ Qxf6 16. Ne4 Qe7 17. f4 exf4 18. Rxf4 Ne5 19. h3 Rbc8 20. Rxc8 Rxc8 21.
Qd2 a6 22. Kh2 Ba4 23. Qa5 Bb5 24. Qb6 Rc2 25. Rf2 Rxb2 26. Qxd4 Rc2 27. Qd5
Bc6 28. Qb3 Rc1 29. Rf5 Bxe4 30. Bxe4 Re1 31. Qb2 Nc4 32. Qc2 Nxa3 33. Qd2 Rb1
34. Bd5 Qd7 35. Bxf7+ Kh7 36. Qf4 Qc6 37. Rd5 Qf6 38. Qe4+ g6 39. Bxg6+ Kg7 40.
Rd7+ 1-0

[Event "July TNT"]
[Site "Winnipeg CAN"]
[Date "2010.07.06"]
[Round "1.4"]
[White "Currie, James"]
[Black "Trueman, Francis"]
[Result "1-0"]
[WhiteElo "1998"]
[BlackElo "1557"]
[PlyCount "61"]
[EventDate "2010.07.06"]
[EventType "swiss"]
[EventRounds "4"]
[EventCountry "CAN"]

1. e4 d6 2. Nf3 Nf6 3. d3 g6 4. g3 Bg7 5. Bg2 O-O 6. h3 Nc6 7. Be3 e5 8. Qd2
Ne8 9. Bh6 f5 10. exf5 Bxf5 11. Nc3 d5 12. Bxg7 Kxg7 13. O-O-O Nf6 14. g4 Be6
15. Rhe1 Qe7 16. Nxe5 d4 17. Nxc6 bxc6 18. Bxc6 dxc3 19. Qxc3 Rab8 20. g5 Qd6
21. Re3 Qf4 22. gxf6+ Rxf6 23. Kb1 Qd6 24. Bh1 Kh6 25. Rde1 Rb6 26. b3 Bf5 27.
Re7 Bxh3 28. Qd2+ g5 29. R1e5 Rf4 30. Qe3 Bf5 31. Rxf5 1-0

[Event "July TNT"]
[Site "Winnipeg CAN"]
[Date "2010.07.06"]
[Round "1.4"]
[White "Milord, Frank"]
[Black "Kaptsan, Aron"]
[Result "0-1"]
[WhiteElo "1666"]
[BlackElo "2011"]
[PlyCount "76"]
[EventDate "2010.07.06"]
[EventType "swiss"]
[EventRounds "4"]
[EventCountry "CAN"]

1. e4 e5 2. Nf3 Nc6 3. Bb5 a6 4. Ba4 Nf6 5. O-O Be7 6. Re1 b5 7. Bb3 d6 8. c3
O-O 9. h3 Nb8 10. d4 Nbd7 11. Nbd2 Bb7 12. Bc2 Re8 13. Nf1 Bf8 14. Ng3 g6 15.
a4 exd4 16. cxd4 c5 17. d5 Ne5 18. b3 Nxf3+ 19. gxf3 Bg7 20. Rb1 Nd7 21. Bf4
Ne5 22. Kg2 b4 23. Qd2 a5 24. Rh1 Ba6 25. Bxe5 Bxe5 26. Bd3 Qc8 27. Bxa6 Qxa6
28. Ne2 Rec8 29. f4 Bg7 30. Rbc1 c4 31. Nd4 c3 32. Qd1 Re8 33. Nb5 Rxe4 34. Nc7
Qb7 35. Nxa8 Qxa8 36. Kf3 Rd4 37. Qe2 Qxd5+ 38. Kg3 Bh6 0-1

[Event "July TNT"]
[Site "Winnipeg CAN"]
[Date "2010.07.13"]
[Round "2"]
[White "Campbell, Gary"]
[Black "De Groot, Steven"]
[Result "0-1"]
[WhiteElo "1624"]
[BlackElo "1822"]
[PlyCount "68"]
[EventDate "2010.07.06"]
[EventType "swiss"]
[EventRounds "4"]
[EventCountry "CAN"]

1. d4 Nf6 2. c4 g6 3. Nc3 d5 4. cxd5 Nxd5 5. e4 Nxc3 6. bxc3 Bg7 7. Bc4 O-O 8.
Be3 c5 9. Ne2 Qa5 10. O-O Nc6 11. Qb3 cxd4 12. cxd4 Qd8 13. Qd1 a6 14. a4 Rb8
15. Rc1 Bd7 16. Bf4 e5 17. dxe5 Bxe5 18. Bd5 Bxf4 19. Nxf4 Qf6 20. Nd3 Rfd8 21.
Qe1 Be6 22. Bxe6 Rxd3 23. Qe2 Ra3 24. Bd5 Rxa4 25. Bxc6 bxc6 26. Qc2 Qd4 27.
Qxc6 Qxe4 28. Qc7 Re8 29. Qc3 Ra2 30. Rfe1 Re2 31. Kf1 Rxe1+ 32. Rxe1 Qxe1+ 33.
Qxe1 Rxe1+ 34. Kxe1 Kg7 0-1

[Event "July TNT"]
[Site "Winnipeg CAN"]
[Date "2010.07.13"]
[Round "2"]
[White "Kaptsan, Aron"]
[Black "Rutter, Blair"]
[Result "1-0"]
[WhiteElo "2011"]
[BlackElo "1912"]
[PlyCount "99"]
[EventDate "2010.07.06"]
[EventType "swiss"]
[EventRounds "4"]
[EventCountry "CAN"]

1. d4 d5 2. c4 Nf6 3. cxd5 Nxd5 4. e4 Nf6 5. Nc3 e6 6. Nf3 Be7 7. Bc4 O-O 8.
O-O a6 9. a4 c6 10. Qe2 Nbd7 11. Bf4 Re8 12. h3 Nf8 13. Rfd1 Ng6 14. Bh2 Bb4
15. Be5 Nd7 16. Bh2 Qa5 17. Qe3 Nf6 18. Ne2 Bd7 19. e5 Nd5 20. Qe4 Be7 21. h4
f5 22. exf6 Bxf6 23. h5 Nf8 24. Ne5 Rad8 25. Ng4 Nb6 26. Bd3 Qxh5 27. Nxf6+
gxf6 28. Bc7 Nd5 29. Bxd8 Rxd8 30. Ng3 Qg5 31. Qf3 Be8 32. Ne4 Qh6 33. Qg3+ Kh8
34. Re1 Rd7 35. Qh3 Qxh3 36. gxh3 Nf4 37. Bf1 f5 38. Nc5 Rg7+ 39. Kh2 Bh5 40.
Ra3 N8g6 41. Rg3 Re7 42. Bg2 Nh4 43. Bh1 Ne2 44. Rd3 Nf4 45. Rde3 Rg7 46. Nxe6
Nxe6 47. Rxe6 Rd7 48. Re7 Rxd4 49. Rxb7 c5 50. Ree7 1-0

[Event "July TNT"]
[Site "Winnipeg CAN"]
[Date "2010.07.13"]
[Round "2"]
[White "Melamedoff, Gustavo"]
[Black "Nikouline, Alexandre"]
[Result "0-1"]
[WhiteElo "1995"]
[BlackElo "2092"]
[PlyCount "80"]
[EventDate "2010.07.06"]
[EventType "swiss"]
[EventRounds "4"]
[EventCountry "CAN"]

1. e4 c5 2. Nf3 e6 3. d4 cxd4 4. Nxd4 Nc6 5. Nb5 d6 6. c4 a6 7. N5c3 Nf6 8. Be2
Be7 9. O-O O-O 10. Be3 Qc7 11. Nd2 b6 12. Rc1 Ne5 13. f4 Ned7 14. g4 h6 15. Qe1
Bb7 16. b4 Nh7 17. Qf2 Rac8 18. Na4 b5 19. Nb6 Nxb6 20. Bxb6 Qb8 21. cxb5 axb5
22. Bxb5 Nf6 23. a4 Nxg4 24. Qe2 Bxe4 25. a5 Bf5 26. Bd7 Rxc1 27. Rxc1 d5 28.
b5 Qxf4 29. Rf1 Qb4 30. a6 Bc5+ 31. Bxc5 Qxc5+ 32. Kh1 Ne3 33. Qf2 d4 34. Ra1
Qd5+ 35. Qf3 Qxd7 36. a7 Qxb5 37. a8=Q Rxa8 38. Rxa8+ Kh7 39. h4 Qb2 40. Qf2
Qc1+ 0-1

[Event "July TNT"]
[Site "Winnipeg CAN"]
[Date "2010.07.13"]
[Round "2"]
[White "Trueman, Francis"]
[Black "Pang, Michael"]
[Result "0-1"]
[WhiteElo "1557"]
[BlackElo "1701"]
[PlyCount "76"]
[EventDate "2010.07.06"]
[EventType "swiss"]
[EventRounds "4"]
[EventCountry "CAN"]

1. Nf3 d5 2. d3 Nf6 3. Nbd2 g6 4. g3 Bg7 5. Bg2 O-O 6. O-O Re8 7. Re1 e5 8. e4
dxe4 9. dxe4 Nc6 10. c3 Be6 11. Qe2 a6 12. Nf1 b5 13. Rd1 Bc4 14. Qc2 Qe7 15.
Be3 Red8 16. b3 Be6 17. Qe2 Nd7 18. Ng5 Na5 19. Nxe6 Qxe6 20. h4 Bf8 21. Nh2 c5
22. g4 c4 23. b4 Nc6 24. g5 f6 25. Qf3 Ne7 26. Rd2 f5 27. Bh3 Nb6 28. exf5 gxf5
29. Rxd8 Rxd8 30. Bxb6 Qxb6 31. Rd1 e4 32. Qe2 Rd3 33. Rxd3 cxd3 34. Qd2 Qc7
35. Nf1 Bg7 36. Ng3 Bxc3 37. Qd1 Bd4 38. Qh5 Qxg3+ 0-1

[Event "July TNT"]
[Site "Winnipeg CAN"]
[Date "2010.07.13"]
[Round "2.4"]
[White "Lin, Justin"]
[Black "Milord, Frank"]
[Result "0-1"]
[WhiteElo "1666"]
[BlackElo "1666"]
[PlyCount "108"]
[EventDate "2010.07.06"]
[EventType "swiss"]
[EventRounds "4"]
[EventCountry "CAN"]

1. e4 e5 2. Nf3 Nc6 3. Nc3 Nf6 4. Bc4 Nxe4 5. Nxe4 d5 6. Bxd5 Qxd5 7. Nc3 Qa5
8. O-O Bg4 9. d3 Nd4 10. Re1 f6 11. Re3 O-O-O 12. Bd2 Qa6 13. a3 Qe6 14. Ne4 g6
15. h3 Bxf3 16. Rxf3 Nxf3+ 17. Qxf3 Be7 18. b4 Qc6 19. c4 f5 20. b5 fxe4 21.
Qg4+ Qd7 22. Bc3 Qxg4 23. hxg4 Rxd3 24. Bxe5 Rhd8 25. Re1 Rd1 26. Kf1 Rxe1+ 27.
Kxe1 Bxa3 28. Ke2 Bc5 29. Bf6 Re8 30. g5 Be7 31. Bd4 Bxg5 32. c5 Rd8 33. Bc3
Rd3 34. Bb4 Rb3 35. Ba5 b6 36. cxb6 axb6 37. Be1 Rb2+ 38. Kf1 Bd2 39. Bxd2 Rxd2
40. Ke1 Rb2 41. g3 h5 42. Kf1 c5 43. bxc6 Kc7 44. Ke1 Kxc6 45. Kf1 Rd2 46. Ke1
Rd3 47. Ke2 b5 48. Ke1 b4 49. Ke2 b3 50. Ke1 b2 51. Ke2 b1=Q 52. f4 Qd1+ 53.
Kf2 Rd2+ 54. Ke3 Qe2# 0-1

[Event "July TNT"]
[Site "Winnipeg CAN"]
[Date "2010.07.13"]
[Round "2.4"]
[White "Milward, David"]
[Black "Li, Henry"]
[Result "1-0"]
[WhiteElo "1663"]
[BlackElo "1463"]
[PlyCount "59"]
[EventDate "2010.07.06"]
[EventType "swiss"]
[EventRounds "4"]
[EventCountry "CAN"]

1. e4 e6 2. d4 d5 3. Nc3 Bb4 4. e5 Nc6 5. Nf3 Bxc3+ 6. bxc3 f6 7. exf6 Nxf6 8.
Bd3 Qd6 9. O-O e5 10. dxe5 Nxe5 11. Nxe5 Qxe5 12. Re1 Qxe1+ 13. Qxe1+ Kf7 14.
Ba3 Re8 15. Qd2 Bd7 16. Re1 Rxe1+ 17. Qxe1 Re8 18. Qd2 b6 19. h3 c5 20. Qg5 h6
21. Qg6+ Kf8 22. Kh2 a5 23. Bc1 Ne4 24. Bxe4 dxe4 25. Qd6+ Re7 26. Be3 Be6 27.
Qxb6 a4 28. Bxc5 Kf7 29. Bxe7 Kxe7 30. Qb7+ 1-0

[Event "July TNT"]
[Site "Winnipeg CAN"]
[Date "2010.07.13"]
[Round "2.4"]
[White "Ott, Richard"]
[Black "Raihman, Igal"]
[Result "0-1"]
[WhiteElo "1997"]
[BlackElo "1682"]
[PlyCount "46"]
[EventDate "2010.07.06"]
[EventType "swiss"]
[EventRounds "4"]
[EventCountry "CAN"]

1. d4 d5 2. c4 e6 3. Nc3 Nf6 4. cxd5 exd5 5. Bg5 Be7 6. e3 O-O 7. Bd3 Re8 8.
Qc2 h6 9. Bf4 c6 10. Nge2 Bd6 11. h3 b6 12. O-O-O Bb7 13. Kb1 Na6 14. Bxa6 Bxa6
15. g4 Ne4 16. Nxe4 dxe4 17. Qxc6 Bd3+ 18. Rxd3 exd3 19. Ng3 Bxf4 20. exf4 Qxd4
21. Nf5 Qxf2 22. Ne7+ Rxe7 23. Qxa8+ Kh7 0-1

[Event "July TNT"]
[Site "Winnipeg CAN"]
[Date "2010.07.13"]
[Round "2.4"]
[White "Schulz, Waldemar"]
[Black "Currie, James"]
[Result "1-0"]
[WhiteElo "2032"]
[BlackElo "1988"]
[PlyCount "39"]
[EventDate "2010.07.06"]
[EventType "swiss"]
[EventRounds "4"]
[EventCountry "CAN"]

1. Nf3 d6 2. d4 Bg4 3. g3 Bxf3 4. exf3 Nd7 5. Bg2 g6 6. Be3 Bg7 7. O-O e5 8. c3
Ne7 9. Qd2 Nf5 10. dxe5 Nxe5 11. Na3 O-O 12. f4 Nc6 13. Nc4 Qd7 14. Rfe1 b5 15.
Ne5 Bxe5 16. fxe5 Nxe5 17. Bxa8 Rxa8 18. Qd5 Rc8 19. Rad1 h5 20. Qxe5 1-0

[Event "July TNT"]
[Site "Winnipeg CAN"]
[Date "2010.07.20"]
[Round "3"]
[White "Bince, Rolando"]
[Black "Joven, Perfecto"]
[Result "1-0"]
[WhiteElo "2150"]
[BlackElo "1977"]
[PlyCount "149"]
[EventDate "2010.07.06"]
[EventType "swiss"]
[EventRounds "4"]
[EventCountry "CAN"]

1. e4 d6 2. d4 Nf6 3. c4 g6 4. Nc3 Bg7 5. Nf3 O-O 6. Bg5 a6 7. Be2 Nbd7 8. O-O
Re8 9. e5 dxe5 10. Nxe5 c6 11. Be3 Nxe5 12. dxe5 Qxd1 13. Raxd1 Ng4 14. Bxg4
Bxg4 15. f3 Be6 16. f4 Bxc4 17. Rf2 Be6 18. Bb6 Bh6 19. b4 Bg7 20. Ne4 Bd5 21.
Nc5 Bf8 22. a3 e6 23. Nd7 Be7 24. Rd3 Kg7 25. Rc3 Bh4 26. g3 Be7 27. h4 h5 28.
Rd2 Bd8 29. Bd4 Kh6 30. Be3 Kg7 31. a4 Be7 32. Bc5 Bxc5+ 33. bxc5 Re7 34. Nf6
Rc7 35. a5 Kf8 36. Kf2 Ke7 37. Ke3 Rd8 38. Rb2 Rb8 39. Rc1 Kd8 40. Rd2 Ke7 41.
Rb2 Rd8 42. Rb4 Rb8 43. Rcb1 Ba2 44. R1b2 Bd5 45. Rb6 Bc4 46. R6b4 Bd5 47. Kd4
Bf3 48. Ke3 Bd5 49. Rd4 Rh8 50. Rb6 Kd8 51. Ne4 Re8 52. Nd6 Ree7 53. Rdb4 Bg2
54. Nxb7+ Ke8 55. Nd6+ Kf8 56. Rb8+ Kg7 57. Ne8+ Rxe8 58. Rxe8 f6 59. Rbb8 Bd5
60. Rg8+ Kf7 61. Rh8 Kg7 62. Rbg8+ Kf7 63. Rh7+ Kxg8 64. Rxc7 f5 65. Kd4 Bg2
66. Re7 Kf8 67. Rxe6 Kf7 68. Rf6+ Kg7 69. Rd6 Kf7 70. e6+ Ke7 71. Ke5 Bd5 72.
Rxd5 cxd5 73. Kxd5 Kd8 74. Kd6 Kc8 75. e7 1-0

[Event "July TNT"]
[Site "Winnipeg CAN"]
[Date "2010.07.20"]
[Round "3"]
[White "De Groot, Steven"]
[Black "Boron, Anthony"]
[Result "0-1"]
[WhiteElo "1822"]
[BlackElo "1997"]
[PlyCount "54"]
[EventDate "2010.07.06"]
[EventType "swiss"]
[EventRounds "4"]
[EventCountry "CAN"]

1. c4 e5 2. Nc3 Bb4 3. g3 Bxc3 4. bxc3 Nc6 5. Bg2 d6 6. e4 Be6 7. d3 Nge7 8.
Ne2 O-O 9. O-O Qd7 10. f4 f5 11. Be3 fxe4 12. Bxe4 Bh3 13. Re1 Kh8 14. d4 d5
15. cxd5 Nxd5 16. Bd2 exd4 17. Nxd4 Nxd4 18. cxd4 c6 19. Bf3 Rad8 20. Rb1 Rfe8
21. Qb3 Nb6 22. Be3 Bf5 23. Rbc1 Be6 24. Qc2 Bd5 25. Bxd5 Nxd5 26. Bf2 Qg4 27.
Kg2 Nxf4+ 0-1

[Event "July TNT"]
[Site "Winnipeg CAN"]
[Date "2010.07.20"]
[Round "3"]
[White "Green, Aaron"]
[Black "Babb, Jeff"]
[Result "0-1"]
[WhiteElo "1950"]
[BlackElo "2212"]
[PlyCount "66"]
[EventDate "2010.07.06"]
[EventType "swiss"]
[EventRounds "4"]
[EventCountry "CAN"]

1. e4 d6 2. d4 Nf6 3. Nc3 g6 4. f4 Bg7 5. Nf3 c5 6. e5 Nfd7 7. Bb5 a6 8. Bxd7+
Nxd7 9. Be3 O-O 10. O-O cxd4 11. Bxd4 dxe5 12. fxe5 Nb8 13. Qe2 Nc6 14. Rad1
Bg4 15. Qe3 Qb8 16. Rfe1 Bxf3 17. gxf3 Nxd4 18. Rxd4 b5 19. a3 Rd8 20. f4 Rxd4
21. Qxd4 Qa7 22. Qxa7 Rxa7 23. Kf2 Kf8 24. Rd1 Ke8 25. Ke3 Rc7 26. Rd2 g5 27.
Rd4 gxf4+ 28. Kxf4 Rc5 29. Rd5 Rc4+ 30. Kf3 e6 31. Rd6 Bxe5 32. Rxa6 Bxc3 33.
bxc3 Rxc3+ 0-1

[Event "July TNT"]
[Site "Winnipeg CAN"]
[Date "2010.07.20"]
[Round "3"]
[White "Li, Henry"]
[Black "Wasserman, Leor"]
[Result "0-1"]
[WhiteElo "1463"]
[BlackElo "1718"]
[PlyCount "112"]
[EventDate "2010.07.06"]
[EventType "swiss"]
[EventRounds "4"]
[EventCountry "CAN"]

1. e4 c5 2. Nf3 d6 3. d4 cxd4 4. Nxd4 Nf6 5. Nc3 a6 6. Bc4 b5 7. Bb3 Bb7 8. f3
e6 9. Bg5 Be7 10. Qd2 Nc6 11. Nxc6 Bxc6 12. O-O-O b4 13. Bxf6 gxf6 14. Ba4 Bxa4
15. Nxa4 Qa5 16. b3 Rc8 17. Rhe1 Qe5 18. Kb1 Qxh2 19. f4 Rg8 20. Re2 a5 21. e5
fxe5 22. fxe5 d5 23. c4 bxc3 24. Nxc3 Bb4 25. Rc1 Qg3 26. Qe3 Bxc3 27. Qxg3
Rxg3 28. Rec2 d4 29. a4 Rb8 30. Ka2 Re3 31. Rb1 Rxe5 32. Ka3 Rd5 33. b4 Bxb4+
34. Ka2 Kd7 35. Rb3 Rc8 36. Rxc8 Kxc8 37. Kb2 d3 38. Kc1 d2+ 39. Kd1 Rc5 40.
Rxb4 axb4 41. Kxd2 b3 42. a5 b2 43. a6 b1=Q 44. a7 Qb4+ 45. Ke2 Ra5 46. Kf2
Qf4+ 47. Ke2 Re5+ 48. Kd3 Qe4+ 49. Kc3 Qc6+ 50. Kd4 Qd6+ 51. Kc4 Rc5+ 52. Kb4
Qb6+ 53. Ka4 Qxa7+ 54. Kb4 Qb6+ 55. Ka4 Rc1 56. g4 Ra1# 0-1

[Event "July TNT"]
[Site "Winnipeg CAN"]
[Date "2010.07.20"]
[Round "3"]
[White "Lin, Justin"]
[Black "Trueman, Francis"]
[Result "1-0"]
[WhiteElo "1666"]
[BlackElo "1557"]
[PlyCount "57"]
[EventDate "2010.07.06"]
[EventType "swiss"]
[EventRounds "4"]
[EventCountry "CAN"]

1. e4 d6 2. d4 Nf6 3. Nc3 g6 4. Be3 Bg7 5. Bc4 O-O 6. Qd2 Nbd7 7. f3 e5 8. d5
Ne8 9. Nge2 a5 10. O-O-O c6 11. dxc6 bxc6 12. h4 Nb6 13. Bxb6 Qxb6 14. Bb3 Be6
15. g4 Nf6 16. h5 Bxg4 17. fxg4 Nxg4 18. h6 Bf6 19. Rdf1 Qd8 20. Kb1 Bg5 21.
Qd3 Ne3 22. Rf3 Ng4 23. Rd1 Qb6 24. Na4 Qa7 25. Rg1 Nf2 26. Qxd6 Bxh6 27. Rxg6+
Bg7 28. Rxg7+ Kh8 29. Qh6 1-0

[Event "July TNT"]
[Site "Winnipeg CAN"]
[Date "2010.07.20"]
[Round "3"]
[White "Lipic, Stephen"]
[Black "Milward, David"]
[Result "0-1"]
[WhiteElo "1845"]
[BlackElo "1663"]
[PlyCount "163"]
[EventDate "2010.07.06"]
[EventType "swiss"]
[EventRounds "4"]
[EventCountry "CAN"]

1. e4 c5 2. Nc3 Nc6 3. f4 e6 4. Nf3 g6 5. b3 Bg7 6. Bb2 Nge7 7. Be2 O-O 8. O-O
d5 9. e5 a6 10. Qe1 Nf5 11. Nd1 Nfd4 12. Bxd4 Nxd4 13. Nxd4 cxd4 14. Bd3 f6 15.
Nf2 fxe5 16. fxe5 Qg5 17. Nh3 Qxe5 18. Rxf8+ Kxf8 19. Qf2+ Qf6 20. Rf1 Qxf2+
21. Rxf2+ Kg8 22. Ng5 h6 23. Nf7 g5 24. Nd6 e5 25. Bg6 Be6 26. Nxb7 e4 27. Nc5
e3 28. Rf1 Bg4 29. h3 Be2 30. Bf7+ Kh7 31. Bxd5 Bxf1 32. Bxa8 Be2 33. d3 Be5
34. Ne4 Bd1 35. Kf1 Bg7 36. g4 Bf8 37. Ke1 Bxc2 38. Ke2 a5 39. Nf6+ Kg6 40. Nd7
Bb4 41. Be4+ Kf7 42. Ne5+ Ke6 43. Nc6 Bc3 44. Bf3 Kd6 45. Be4 Kc5 46. Bf3 Bb1
47. a3 Ba2 48. b4+ axb4 49. axb4+ Bxb4 50. Ne7 Kb5 51. Nf5 Bc5 52. Nxh6 Kb4 53.
Nf5 Kc3 54. Ng3 Kc2 55. Bc6 Bb3 56. Nf5 Kc1 57. Kf1 Kd2 58. Bf3 Bd1 59. Bxd1
Kxd1 60. Ng3 Bd6 61. Ne2 Be5 62. Ng1 Bf6 63. Nf3 e2+ 64. Kf2 Be5 65. Kg2 e1=Q
66. Nxe1 Kxe1 67. Kf3 Bf4 68. h4 Kd2 69. Ke4 Kc3 70. h5 Bd6 71. h6 Bf8 72. h7
Bg7 73. Kf5 Kxd3 74. Kxg5 Ke4 75. Kg6 Be5 76. g5 d3 77. Kf7 d2 78. g6 d1=Q 79.
g7 Qd7+ 80. Kf8 Qxg7+ 81. Ke8 Qxh7 82. Kf8 0-1

[Event "July TNT"]
[Site "Winnipeg CAN"]
[Date "2010.07.20"]
[Round "3"]
[White "Nikouline, Alexandre"]
[Black "Kaptsan, Aron"]
[Result "1-0"]
[WhiteElo "2092"]
[BlackElo "2011"]
[PlyCount "73"]
[EventDate "2010.07.06"]
[EventType "swiss"]
[EventRounds "4"]
[EventCountry "CAN"]

1. e4 e5 2. Nf3 Nc6 3. Bb5 a6 4. Bxc6 dxc6 5. O-O Bg4 6. h3 Bxf3 7. Qxf3 Qf6 8.
Qb3 O-O-O 9. a4 Qg6 10. d3 f5 11. Nd2 Bd6 12. Nc4 fxe4 13. Na5 b6 14. Nxc6 Re8
15. Qc4 Kb7 16. b4 Ne7 17. Nxe7 Rxe7 18. dxe4 Qe6 19. Qxe6 Rxe6 20. c3 c5 21.
b5 c4 22. Be3 Rc8 23. Rfd1 a5 24. Rd5 Rc7 25. Kf1 h6 26. Ke2 Be7 27. Rad1 Bg5
28. Bxg5 hxg5 29. Rd6 Rf6 30. Rxf6 gxf6 31. Rd6 Rf7 32. Rc6 f5 33. Rxc4 fxe4
34. Rxe4 Re7 35. h4 gxh4 36. Rxh4 Rc7 37. c4 1-0

[Event "July TNT"]
[Site "Winnipeg CAN"]
[Date "2010.07.20"]
[Round "3"]
[White "Pang, Michael"]
[Black "Melamedoff, Gustavo"]
[Result "0-1"]
[WhiteElo "1701"]
[BlackElo "1995"]
[PlyCount "62"]
[EventDate "2010.07.06"]
[EventType "swiss"]
[EventRounds "4"]
[EventCountry "CAN"]

1. e4 e5 2. Nf3 Nc6 3. Bb5 a6 4. Ba4 Nf6 5. d3 b5 6. Bb3 Be7 7. h3 O-O 8. O-O
d5 9. exd5 Nxd5 10. Bxd5 Qxd5 11. Nc3 Qd8 12. Re1 f6 13. a3 Bb7 14. Be3 f5 15.
b4 Bf6 16. Bd2 Re8 17. Rb1 Nd4 18. Nxd4 Qxd4 19. Rb3 Rad8 20. Be3 Qh4 21. Kh2
f4 22. Bc5 f3 23. g3 Qh5 24. Rg1 e4 25. Nb1 Bc8 26. g4 Be5+ 27. Rg3 Bxg4 28.
Qf1 Bxg3+ 29. fxg3 exd3 30. Rxd3 Rxd3 31. cxd3 Re1 0-1

[Event "July TNT"]
[Site "Winnipeg CAN"]
[Date "2010.07.20"]
[Round "3"]
[White "Raihman, Igal"]
[Black "Schulz, Waldemar"]
[Result "1/2-1/2"]
[WhiteElo "1997"]
[BlackElo "2032"]
[PlyCount "100"]
[EventDate "2010.07.06"]
[EventType "swiss"]
[EventRounds "4"]
[EventCountry "CAN"]

1. e4 c5 2. Nf3 Nc6 3. d4 cxd4 4. Nxd4 e5 5. Nb3 Nf6 6. Nc3 Bb4 7. f3 d5 8.
exd5 Nxd5 9. Bd2 Nxc3 10. Bxc3 Bxc3+ 11. bxc3 O-O 12. Qxd8 Rxd8 13. Bd3 Ne7 14.
O-O-O Bf5 15. Rhe1 Bxd3 16. Rxd3 Nc6 17. Nc5 b6 18. Ne4 Kf8 19. g4 Ke7 20. Ng3
g6 21. g5 f5 22. gxf6+ Kxf6 23. Red1 Rxd3 24. cxd3 Kg5 25. Kd2 Kf4 26. Rf1 Rd8
27. Ne2+ Kf5 28. f4 Kg4 29. fxe5 Nxe5 30. Nd4 Rd5 31. Ke3 Ra5 32. Rf2 Kh3 33.
Rd2 Ng4+ 34. Ke4 Re5+ 35. Kf3 Nxh2+ 36. Kf4 Ng4 37. Re2 g5+ 38. Kf3 Rxe2 39.
Nxe2 Nf6 40. c4 h5 41. d4 h4 42. a4 g4+ 43. Ke3 Kh2 44. c5 bxc5 45. dxc5 g3 46.
c6 g2 47. Kf2 Nd5 48. Ng1 Nc7 49. Ne2 Nd5 50. Ng1 Nc7 1/2-1/2

[Event "July TNT"]
[Site "Winnipeg CAN"]
[Date "2010.07.20"]
[Round "3"]
[White "Reimer, Bruce"]
[Black "Czypinski, Jaroslaw"]
[Result "0-1"]
[WhiteElo "1566"]
[BlackElo "1906"]
[PlyCount "76"]
[EventDate "2010.07.06"]
[EventType "swiss"]
[EventRounds "4"]
[EventCountry "CAN"]

1. c4 Nf6 2. g3 e6 3. Bg2 c5 4. Nc3 Nc6 5. e4 d6 6. Nge2 e5 7. O-O Bg4 8. h3
Be6 9. d3 Qd7 10. Kh2 Be7 11. Nd5 O-O 12. Nec3 Bxd5 13. Nxd5 Nxd5 14. cxd5 Nd4
15. Be3 f5 16. Bxd4 exd4 17. h4 Bf6 18. Bh3 g6 19. exf5 gxf5 20. Qh5 Be5 21. f4
Bg7 22. a4 Rae8 23. Rfe1 Re3 24. Rxe3 dxe3 25. Re1 Bd4 26. g4 Qf7 27. Qh6 fxg4
28. Bxg4 Qxf4+ 29. Qxf4 Rxf4 30. Be6+ Kf8 31. Rg1 Rf2+ 32. Kh3 Rxb2 33. Rf1+
Rf2 34. Rxf2+ exf2 35. Kg2 Kg7 36. Bf5 h6 37. Bg4 Kf6 38. Bf3 a6 0-1

[Event "July TNT"]
[Site "Winnipeg CAN"]
[Date "2010.07.20"]
[Round "3"]
[White "Rutter, Blair"]
[Black "Milord, Frank"]
[Result "1-0"]
[WhiteElo "1912"]
[BlackElo "1666"]
[PlyCount "59"]
[EventDate "2010.07.06"]
[EventType "swiss"]
[EventRounds "4"]
[EventCountry "CAN"]

1. c4 c5 2. g3 g6 3. Bg2 Bg7 4. Nc3 Nc6 5. e4 e6 6. Nge2 Nb4 7. d3 a6 8. Be3 d6
9. O-O Ne7 10. f4 f5 11. d4 cxd4 12. Bxd4 e5 13. fxe5 dxe5 14. Bc5 Qxd1 15.
Raxd1 Be6 16. Bxb4 Bxc4 17. b3 Be6 18. Rd6 Bd7 19. Rfd1 Bc6 20. Re6 Bf8 21.
Rxe5 Rd8 22. Rxd8+ Kxd8 23. Nf4 Bd7 24. exf5 Nc6 25. Bxc6 Bxb4 26. Bxd7 Bxc3
27. Rd5 Ke7 28. fxg6 Rd8 29. Be6 Rxd5 30. Bxd5 1-0

[Event "July TNT"]
[Site "Winnipeg CAN"]
[Date "2010.07.20"]
[Round "3"]
[White "Swift, Ryne"]
[Black "Campbell, Gary"]
[Result "1/2-1/2"]
[WhiteElo "1798"]
[BlackElo "1624"]
[PlyCount "80"]
[EventDate "2010.07.06"]
[EventType "swiss"]
[EventRounds "4"]
[EventCountry "CAN"]

1. e4 e6 2. d4 d5 3. Nd2 Nf6 4. exd5 exd5 5. Ngf3 Bd6 6. Bd3 O-O 7. O-O Nc6 8.
c3 Re8 9. Re1 h6 10. Nb3 Bg4 11. Bd2 Rxe1+ 12. Bxe1 Qe7 13. h3 Bxf3 14. Qxf3
Ne4 15. Qf5 Nf6 16. Bd2 Qe6 17. Qxe6 fxe6 18. f4 Nh5 19. Rf1 Rf8 20. Nc5 Nd8
21. Nd7 Rf7 22. Bg6 Rxd7 23. Bxh5 Kh7 24. Re1 g6 25. Bd1 Rf7 26. g3 g5 27. Rf1
gxf4 28. Bxf4 Bxf4 29. Rxf4 Rxf4 30. gxf4 Kg7 31. Kf2 Nf7 32. b3 Nd6 33. Ke3
Nf5+ 34. Kf2 Kf6 35. Bc2 Nd6 36. Bd3 b6 37. Kf3 c5 38. Ke3 Nf5+ 39. Bxf5 cxd4+
40. cxd4 exf5 1/2-1/2

[Event "July TNT"]
[Site "Winnipeg CAN"]
[Date "2010.07.20"]
[Round "3.4"]
[White "Currie, James"]
[Black "Ott, Richard"]
[Result "1-0"]
[WhiteElo "1988"]
[BlackElo "1997"]
[PlyCount "31"]
[EventDate "2010.07.06"]
[EventType "swiss"]
[EventRounds "4"]
[EventCountry "CAN"]

1. e4 c5 2. Nf3 Nc6 3. d3 d6 4. g3 Bg4 5. h3 Bxf3 6. Qxf3 e5 7. Nc3 Nd4 8. Qd1
Nf6 9. Bg2 Qb6 10. O-O h6 11. Rb1 Be7 12. f4 g5 13. fxg5 hxg5 14. Bxg5 Nh5 15.
Bxe7 Kxe7 16. Nd5+ 1-0